COBOL Kurzreferenz

Gespeichert in:
Bibliographische Detailangaben
1. Verfasser: Kerschbaumer, Helmut
Format: Buch
Sprache:Deutsch
Veröffentlicht: München Oldenbourg 1994
Ausgabe:1. Aufl.
Tags: Tag hinzufügen
Keine Tags, Fügen Sie das erste Tag hinzu!

MARC

LEADER 00000nam a2200000 4500
001 c010033
005 20240201131504.4
020 |a 3-486-22935-4 
041 0 |a ger 
044 |a DE 
245 1 0 |a COBOL  |b Kurzreferenz  |c Helmut Kerschbaumer 
250 |a 1. Aufl. 
264 1 |a München  |b Oldenbourg  |c 1994 
300 |a 136 s. 
100 1 |a Kerschbaumer, Helmut